Manuscript illumination in Lyons : 1473 - 1530
Saved in:
| Main Author: | |
|---|---|
| Document Type: | Thesis Book |
| Language: | English |
| Published: |
Turnhout
: Brepols
, 2001
|
| Series: | Ars nova
3 |
| Subjects: | |
| Online Access: | Rezension Rezension Rezension |
| Related Items: | Rezensiert in:
[Rezension von: Elizabeth Burin, Manuscript illumination in Lyons 1473-1530] Rezensiert in: [Rezension von: Elizabeth Burin, Manuscript illumination in Lyons. 1473-1530] |
| Author Notes: | Elizabeth Burin |
| LEADER | 03900cam a2200817 c 4500 | ||
|---|---|---|---|
| 001 | 1621085481 | ||
| 003 | DE-627 | ||
| 005 | 20260421122618.0 | ||
| 007 | tu | ||
| 008 | 011211s2001 be ||||| m 00| ||eng c | ||
| 020 | |a 2503512321 |9 2-503-51232-1 | ||
| 020 | |a 9782503512327 |9 978-2-503-51232-7 | ||
| 024 | 3 | |a 9782503512327 | |
| 035 | |a (DE-627)1621085481 | ||
| 035 | |a (DE-576)095934596 | ||
| 035 | |a (DE-599)BSZ095934596 | ||
| 035 | |a (OCoLC)1072297151 | ||
| 035 | |a (OCoLC)1072297151 | ||
| 035 | |a (OCoLC)248865889 | ||
| 040 | |a DE-627 |b ger |c DE-627 |e rakwb | ||
| 041 | |a eng | ||
| 044 | |c XA-BE | ||
| 082 | 0 | |a 091 | |
| 082 | 0 | |a 745.6709445823090 | |
| 084 | |a 9,10 |2 ssgn | ||
| 084 | |a 6,12 |2 ssgn | ||
| 084 | |a AM 57999 |2 rvk |0 (DE-625)rvk/4382: | ||
| 084 | |a AM 57357 |q OBV |2 rvk |0 (DE-625)rvk/4381:1806 | ||
| 084 | |a 06.19 |2 bkl | ||
| 100 | 1 | |a Burin, Elizabeth |4 aut | |
| 245 | 1 | 0 | |a Manuscript illumination in Lyons |b 1473 - 1530 |c Elizabeth Burin |
| 264 | 1 | |a Turnhout |b Brepols |c 2001 | |
| 300 | |a IX, 469 S. |b zahlr. Ill. | ||
| 336 | |a Text |b txt |2 rdacontent | ||
| 337 | |a ohne Hilfsmittel zu benutzen |b n |2 rdamedia | ||
| 338 | |a Band |b nc |2 rdacarrier | ||
| 490 | 1 | |a Ars nova |v 3 | |
| 500 | |a Bibliogr. S. 285 - 307 | ||
| 502 | |a Teilw. zugl.: Cambridge, Univ., Diss. | ||
| 583 | 1 | |a Archivierung/Langzeitarchivierung gewährleistet |f SSG |x XA-DE-BW |2 pdager |5 DE-16 | |
| 583 | 1 | |a Archivierung prüfen |c 20240324 |f DE-4165 |z 2 |2 pdager | |
| 655 | 7 | |a Hochschulschrift |0 (DE-588)4113937-9 |0 (DE-627)105825778 |0 (DE-576)209480580 |2 gnd-content | |
| 689 | 0 | 0 | |d g |0 (DE-588)4036770-8 |0 (DE-627)106240978 |0 (DE-576)209020296 |a Lyon |2 gnd |
| 689 | 0 | 1 | |d s |0 (DE-588)4008650-1 |0 (DE-627)104318244 |0 (DE-576)208877517 |a Buchmalerei |2 gnd |
| 689 | 0 | 2 | |a z |2 gnd |a Geschichte 1473-1530 |
| 689 | 0 | |5 (DE-627) | |
| 689 | 1 | 0 | |d g |0 (DE-588)4036770-8 |0 (DE-627)106240978 |0 (DE-576)209020296 |a Lyon |2 gnd |
| 689 | 1 | 1 | |d s |0 (DE-588)4008650-1 |0 (DE-627)104318244 |0 (DE-576)208877517 |a Buchmalerei |2 gnd |
| 689 | 1 | 2 | |a z |2 gnd |a Geschichte 1473-1530 |
| 689 | 1 | |5 (DE-627) | |
| 751 | |a Cambridge |0 (DE-588)4009351-7 |0 (DE-627)106363182 |0 (DE-576)208882057 |4 uvp | ||
| 787 | 0 | 8 | |i Rezensiert in |a Zenker, Nina |t [Rezension von: Elizabeth Burin, Manuscript illumination in Lyons 1473-1530] |d 2003 |w (DE-627)1920612297 |
| 787 | 0 | 8 | |i Rezensiert in |a Rudy, Kathryn M., 1969 - |t [Rezension von: Elizabeth Burin, Manuscript illumination in Lyons. 1473-1530] |d 2004 |w (DE-627)1920773320 |
| 830 | 0 | |a Ars nova |v 3 |9 3 |w (DE-627)347751288 |w (DE-576)062262947 |w (DE-600)2078584-7 |7 am | |
| 856 | 4 | 2 | |u https://swbplus.bsz-bw.de/bsz095934596rez-1.htm |m B:DE-576;DE-16 |q application/pdf |v 20081106095832 |x Verlag |3 Rezension |7 1 |
| 856 | 4 | 2 | |u https://swbplus.bsz-bw.de/bsz095934596rez.htm |m V:DE-576 |v 2005-07-05 |3 Rezension |7 1 |
| 856 | 4 | 2 | |u http://www.sehepunkte.de/2003/03/1590.html |m V:DE-576;X:Sehepunkte |q text/html |v 20180424113611 |3 Rezension |7 1 |
| 889 | |w (DE-627)34209422X | ||
| 935 | |i mdedup | ||
| 936 | r | v | |a AM 57999 |b Zentren europäischer Buchmalerei |k Allgemeines |k Schrift und Handschriftenkunde. Schriftarten und Schreiben |k Handschriftenkunde |k Geschichte der Buchmalerei |k Zentren europäischer Buchmalerei |0 (DE-627)1272083330 |0 (DE-625)rvk/4382: |0 (DE-576)202083330 |
| 936 | r | v | |a AM 57357 |b Südostfrankreich |k Allgemeines |k Schrift und Handschriftenkunde. Schriftarten und Schreiben |k Handschriftenkunde |k Geschichte der Buchmalerei |k Buchmalerei einzelner Länder |k Europa |k Westeuropa |k Frankreich, Französisches Sprachgebiet |k Südostfrankreich |0 (DE-627)1273282140 |0 (DE-625)rvk/4381:1806 |0 (DE-576)203282140 |
| 936 | b | k | |a 06.19 |j Handschriftenkunde: Sonstiges |0 (DE-627)106403389 |
| 951 | |a BO | ||
| 990 | |a Lyon | ||
| 990 | |a Buchmalerei | ||
| 990 | |a Geschichte 1473-1530 | ||
| 990 | |a Lyon | ||
| 990 | |a Buchmalerei | ||
| 990 | |a Geschichte 1473-1530 | ||
| 991 | |a Rezensiertes Werk | ||
| 999 | |a KXP-PPN1621085481 |e 495720490X | ||


